Quizzes
Events
Quiz Creation
Community
Videos
Private Events
Remove Ads
Sign In
Join for FREE
Feedback
Dark Mode
Quiz Categories
Sports
Geography
Music
Movies
Television
Just For Fun
Miscellaneous
History
Literature
Language
Science
Gaming
Entertainment
Religion
Holiday
For Kids
Quiz Lab
Recent
Popular Today
Quiz Kudos Today
Editor Picks
Curator Picks
Quizzes by...
Day
Popularity
Type
Ratings
Length
Year
Community
Subscriptions
Recent Discussions
Orange Saloon
Badges
Playlists
Quests
Create
Leaderboards
Showdown
Live 5
Trivia Bingo
Activity
Puzzle Library
Sporcle Events
Private Events
Virtual Trivia
Globe League
Become a Host
Pub Owners
SporcleCon
Opinionation
Our Games
Videos
Blog
Mobile Apps
Partnerships
Remove Ads and Go Orange
Feedback
Sports
Athletes
MLB
NBA
NHL
NFL
Soccer
Sports Teams
WWE
NCAA
Football
Premier League
Basketball
Baseball
Hockey
Golf
Tennis
Cricket
Rugby
Auto Racing
Olympics
World Cup
Sports
Athletes
MLB
NBA
NHL
NFL
Soccer
Sports Teams
WWE
NCAA
Football
Premier League
Basketball
Baseball
Hockey
Golf
Tennis
Cricket
Rugby
Auto Racing
Olympics
World Cup
Random Quiz
Search Sporcle
×
Quiz Lab
Quiz Lab
Sports
goal
Type in answers that appear in a list
Type in answers that appear in a list
Classic
Best Score? Go Orange.
Stanley Cup Winning Goalies Stats
Can you name the Stanley Cup Winning Goalies 1950-2010?
By
jvdawgs
8m
61 Questions
223 Plays
223 Plays
223 Plays
Comments
Comments
Give Quiz Kudos
Give Quiz Kudos
-
- Ratings
hide this ad
More Info
Replay
Link that replays current quiz
Next Quiz
Link to next quiz in quiz playlist
You Got
0%
They Got
Avg Score
77%
Avg Friend Score
Upgrade to see
Score Distribution
Jump to the score distribution portion of the page
Score
0/61
Timer
08:00
0
Plays Today
Year
Goalie
% Correct
1986
Patrick Roy
97.8%
1993
Patrick Roy
97.8%
1996
Patrick Roy
97.8%
2001
Patrick Roy
97.8%
1995
Martin Brodeur
96.4%
2000
Martin Brodeur
96.4%
2003
Martin Brodeur
96.4%
2002
Dominik Hasek
95.1%
1998
Chris Osgood
93.3%
2008
Chris Osgood
93.3%
1994
Mike Richter
91%
2009
Marc-Andre Fleury
91%
1984
Grant Fuhr
89.7%
1985
Grant Fuhr
89.7%
1987
Grant Fuhr
89.7%
1988
Grant Fuhr
89.7%
2007
Jean-Sebastien Giguere
87.4%
2006
Cam Ward
87%
1999
Ed Belfour
86.5%
1989
Mike Vernon
85.7%
1997
Mike Vernon
85.7%
1980
Billy Smith
85.2%
1981
Billy Smith
85.2%
1982
Billy Smith
85.2%
1983
Billy Smith
85.2%
2010
Antti Niemi
83.9%
1971
Ken Dryden
83.4%
1973
Ken Dryden
83.4%
1976
Ken Dryden
83.4%
1977
Ken Dryden
83.4%
1978
Ken Dryden
83.4%
Year
Goalie
% Correct
1979
Ken Dryden
83.4%
1991
Tom Barrasso
83%
1992
Tom Barrasso
83%
2004
Nikolai Khabibulin
81.6%
1956
Jacques Plante
79.4%
1957
Jacques Plante
79.4%
1958
Jacques Plante
79.4%
1959
Jacques Plante
79.4%
1960
Jacques Plante
79.4%
1974
Bernie Parent
76.2%
1975
Bernie Parent
76.2%
1952
Terry Sawchuk
75.3%
1954
Terry Sawchuk
75.3%
1955
Terry Sawchuk
75.3%
1967
Terry Sawchuk
75.3%
1990
Bill Ranford
68.2%
1961
Glenn Hall
66.4%
1970
Gerry Cheevers
63.7%
1972
Gerry Cheevers
63.7%
2011
Tim Thomas
57.8%
1965
Gump Worsley
54.7%
1966
Gump Worsley
54.7%
1968
Gump Worsley
54.7%
1962
Johnny Bower
51.6%
1963
Johnny Bower
51.6%
1964
Johnny Bower
51.6%
1951
Turk Broda
48.4%
1969
Rogie Vachon
39.5%
1950
Harry Lumley
26%
1953
Gerry McNeil
17%
Quiz Playlist
Details
Report
Send in Message
Add To Playlist
More Info:
Note: No Stanley Cup in 2005
Classic:
Type in answers that appear in a list
Quiz Source
Last Updated: Feb 16, 2017
Quiz Scoreboard
CHALLENGE
Sign Up to Join the Scoreboard
Show All
Scores
Hide
Comments
May contain spoilers
Recently Published
Click the 1999 NBA Draft
by nibperrychub
Sports
2m
Alphabetical 'K' Countries by Flag Minefield
by ylime102
Geography
3m
Pick 6: Fruits
by JohnFran
Miscellaneous
15s
More to Explore
Quiz From the Vault
Featured Blog Post
15 Basketball Trivia Facts You Can Be March Mad About
hide this ad
You Might Also Like...
Tags
1950s
cup
Cup Winner
goal
goalie
Stanley
team
Winning
Today's Top Quizzes in Sports
Browse Sports
hide this ad
Today's Top Quizzes in goal
Browse goal
Top Contributed Quizzes in Sports
1
Les joueurs à 100 buts en Ligue 1 Uber Eats
2
Pick 6: NFL Teams
3
MLB 2 truths and a lie: Hall of Fame pitchers
4
2022 World Cup Stars
5
Criteria MLB: Left Handed Sluggers
6
Millionaire: NBA Finals Edition
7
Pick 6: Minor League Baseball
8
Click the 1998 NBA Draft
9
Don't Strike Out: 3000 Strikeouts
10
Pick 6: Olympics
Explore More
Trending Topics
Crossword
Anime
Marvel
NBA
Kpop
Harry Potter
Disney
Puzzle
Song
Soccer
Country
Pokémon
The Office
NFL
WWE
hide this ad
More By:
jvdawgs
Quiz
Plays
Rating
Category
Featured
Created
Isogram Europe
80,227
4.49
Geography
Jul 4, 2011
Baseball Stat Leaders 2000-2010
24,040
4.07
Sports
Apr 7, 2011
College Football Conference Championships 2000-2010
16,876
4.02
Sports
Jul 12, 2011
Number One Rap Songs 2001-2011
9,280
4.00
Music
Jan 6, 2011
NBA Yearly Stat Leaders 2000-2010
5,855
4.12
Sports
Mar 2, 2011
Go to Creator's Profile
Score Distribution
Quiz Creator Spotlight
jvdawgs
Follow
Send a Message
Quizzes Created
-
Created Quiz Play Count
-
More By This Creator
Popular Quizzes Today
1
Countries of Asia Without Outlines Minefield
2
Find the US States - No Outlines Minefield
3
Pick 6: Fruits
4
Alphabetical 'K' Countries by Flag Minefield
5
The Countries of the World
6
Find the US States
7
US States
8
Match the Book to the Film X
More Sports Quizzes
Every Williams F1 Driver
Quiz Lab
Trending Quizzes
Pick 6: Mountains
Pick 6: Harry Potter
Pick 6: NFL Teams
Pick 6: Movie Franchises
Pick 6: Flags
Recently Updated
NWSL Teams
pecheneg
Women's Final Four Teams by Year
bhenderson79
Presidents Quartet II
eogle
Anything But Clue(do)
eogle
Anything But Oceanian Capitals
eogle
Anything But 7
eogle
Anything But Thing
eogle
Word Ladder: February 29
pecheneg
Song Title Questions
pecheneg
Women's NCAA Tournament #1 Seeds
pecheneg
Trending Topics
NBA
Anime
Harry Potter
Marvel
Kpop
Crossword
Disney
Pokémon
The Office
Puzzle
Song
Soccer
Country
NFL
WWE
Your Account Isn't Verified!
In order to create a playlist on Sporcle, you need to verify the email address you used during registration. Go to your
Sporcle Settings
to finish the process.
Report this User
Report this user for behavior that violates our
Community Guidelines
.
Details:
Send Report
Go to the Sporcle.com Mobile Site →
Comments